| 000 | 01657nam a2200409M 4500 | ||
|---|---|---|---|
| 001 | 92796 | ||
| 005 | 20230411090050.0 | ||
| 008 | 030818s2002 mx g f000 0 spa d | ||
| 035 | _a(OCoLC)ocn651591819 | ||
| 040 |
_aBNMEX _bspa _cBNMEX |
||
| 020 | _a9701883918 | ||
| 020 | _a9789701883914 | ||
| 035 | _a(OCoLC)651591819 | ||
| 045 | 2 | _aw4w5 | |
| 082 | 0 | 4 | _a972.640556 |
| 049 | _aGRAL | ||
| 245 | 0 | 3 |
_aLa guerra de castas : _btestimonio de Justo Sierra O'Reilly y Juan Suárez y Navarro / _cpról. Javier Rodríguez Piña. |
| 250 | _aReimp. | ||
| 260 |
_aMéxico : _bCONACULTA, Dirección General de Publicaciones, _c2002. |
||
| 300 |
_a431 p. ; _c21 cm. |
||
| 490 | 1 | _aCien de México | |
| 504 | _aIncluye bibliografías. | ||
| 505 | 0 | _aContenido: Diario de nuestro viaje a los Estados Unidos -- Informe sobre las causas y carácter de los frecuentes cambios políticos ocurridos en el estado de Yucatán | |
| 600 | 1 | 8 |
_aSierra O'Reilly, Justo _d1814-1861. |
| 651 | 8 |
_aMéxico _xRelaciones exteriores _zEstados Unidos. |
|
| 651 | 8 |
_aEstados Unidos _xRelaciones exteriores _zMéxico. |
|
| 651 | 8 |
_aYucatán _xHistoria _yGuerra de Castas, 1847-1855. |
|
| 651 | 8 |
_aYucatán _xPolítica y gobierno. |
|
| 700 | 1 | 2 |
_aRodríguez Piña, Javier, _eprol. |
| 710 | 2 | 2 |
_aConsejo Nacional para la Cultura y las Artes (México) _b. Dirección General de Publicaciones. |
| 740 | 0 | 2 | _aDiario de nuestro viaje a los Estados Unidos. |
| 740 | 0 | 2 | _aInforme sobre las causas y carácter de los frecuentes cambios políticos ocurridos en el estado de Yucatán. |
| 830 | 0 | _aCien de México. | |
| 942 |
_2lcc _cbk |
||
| 994 |
_aC0 _bDRFGD |
||
| 946 | _aJP | ||
| 999 |
_c111874 _d111874 |
||